01095nam a22002897a 450000500170000001000130001702000250003003500130005503700160006804000120008408200160009610000260011224501850013824600060032326000320032927000730036130000290043450000200046365000420048370000280052570000240055370000290057770000270060694200250063399900190065895201280067720170124110242.0 aB-220795 c00.00a9788187107484 aB-220795 bCen Lib/Ret aDPLbEN a909.03bBIN aBingham, Jane 995224 aThe usborne internet-linked encyclopedia of World history /cby Jane Bingham, Fiona Chandler [and] Sam Taplin ; illustrated by Inklink Firenze...[et al.] ; edited by Jane Chisholm  b  bOm Books aNew Delhi c2006 a4379/4B, Prakash house, ansari road, Dariyaganj bNew Delhi e110002 a414p. :c27cm(pbk)bill. aIncludes index  aWorld history -- Encyclopedia 995225 aChandler, Fiona 995226 a Taplin, Sam995227 aFirenze, Inklink 995228 aChisholm, Jane 995229 2ddccENh909.03mBIN c135218d135218 001040718REFaLbLd2015-10-03eCen Lib/Retg0.00l0o909.03 BINpB-220795r2015-10-03 00:00:00t1v0.00w2015-10-03yEN